|
|
|
|
| LEADER |
00561nam a22001457a 4500 |
| 020 |
|
|
|a 81-85461-24-2
|
| 082 |
|
|
|a 658.82
|b JUL/S
|
| 100 |
|
|
|a Julian Cummins
|9 167590
|
| 245 |
|
|
|a Sales promotion : how to create and implement campaigns that really work
|
| 260 |
|
|
|a New Delhi
|b Universal book
|c 1994
|
| 300 |
|
|
|a 205p.
|
| 650 |
|
|
|a Sales promotion, Marketing,Sales management
|9 167591
|
| 942 |
|
|
|c BK
|
| 999 |
|
|
|c 187287
|d 187283
|
| 952 |
|
|
|0 0
|1 0
|4 0
|6 658_820000000000000_JUL_S
|7 0
|8 GIFT
|9 186377
|a SMBS
|b SMBS
|c GEN
|d 2015-06-12
|g 45.00
|l 0
|o 658.82 JUL/S
|p SMBSG969
|r 2015-06-12
|w 2015-06-12
|y BK
|